[Event "Cheliabinsk Panchenko Memorial 1st"]
[Site "Cheliabinsk"]
[Date "2009.10.10"]
[Round "5"]
[White "Polosin, Evgeny"]
[Black "Gutenev, Maxim"]
[Result "0-1"]
[WhiteElo "1907"]
[BlackElo "2039"]
[PlyCount "50"]
[EventDate "2009.10.06"]
[EventType "swiss"]
[EventRounds "9"]
[EventCountry "RUS"]
[SourceTitle "EXT 2010"]
[Source "ChessBase"]
[SourceDate "2010.11.25"]
[SourceVersion "1"]
[SourceVersionDate "2010.11.25"]
[SourceQuality "1"]

1. e4 c5 2. Nf3 Nc6 3. Bb5 d6 4. d4 cxd4 5. Nxd4 Bd7 6. Nc3 Nf6 7. Be3 g6 8. Qd2 Bg7 9. Be2 0-0 10. Nb3 Rc8 11. Bh6 Ne5 12. f3 Nc4 13. Bxc4 Rxc4 14. h4 Qc7 15. g4 Bxh6 16. Qxh6 Rxc3 17. bxc3 Qxc3+ 18. Kf2 Bxg4 19. Qe3 Qxc2+ 20. Kg3 Be6 21. Qd2 Bxb3 22. Qxc2 Bxc2 23. Rac1 Nxe4+ 24. fxe4 Bxe4 25. Rc7 Bxh1 0-1